000
00293nam a22001337a 4500
008
210303b ||||| |||| 00| 0 eng d
041
_a
eng
080
_a
541
082
_a
541
100
_a
12
101
_a
KIM
245
_a
Introductory Physical Chemistry
_c
Knight, A. R
942
_2
udc
_c
BK
999
_c
55564
_d
55564